La situación estratégica latinoamericana: crisis y oportunidades /

Guardat en:
Dades bibliogràfiques
Autor principal: Toro Dávila, Agustín
Autor corporatiu: FLACSO
Altres autors: ed. Varas Fernández, Augusto ed. Cruz Johnson, Rigoberto Navarro Meza, Miguel Rojas Aravena, Francisco Riffo, Luis Henríquez Porras Zúñiga, Leopoldo Urzún Ricke, Joaquín
Format: Text
Publicat: Santiago: FLACSO
Etiquetes: Afegir etiqueta
Sense etiquetes, Sigues el primer a etiquetar aquest registre!

MARC

LEADER 00000 a a2200000 04500
001 24731
003
040
020 |a 956-205-052-1  
090 |a 177800  
100 |a Toro Dávila, Agustín  
110 |a FLACSO  
245 |a La situación estratégica latinoamericana: crisis y oportunidades /  |c Agustín Toro Dávila 
260 |a Santiago:   |b FLACSO  
300 |a 170 p.  
700 |a ed.   |a Varas Fernández, Augusto   |a ed.   |a Cruz Johnson, Rigoberto   |a Navarro Meza, Miguel   |a Rojas Aravena, Francisco   |a Riffo, Luis Henríquez   |a Porras Zúñiga, Leopoldo   |a Urzún Ricke, Joaquín  
999 |c 12488  |d 12488